Langues les plus parlées à Paris - Statistiques

Statistiques générales
  • Ce quiz a été pris 497 fois
  • Le résultat moyen est 8 sur 10
Statistiques - réponses
% Langue % Correct
90.8 Français
100%
4.3 Anglais
97%
6.5 Arabe
96%
2.7 Espagnol
96%
1.1 Chinois Mandarin
87%
1.2 Italien
87%
1.8 Portugais
85%
0.5 Russe
66%
0.9 Turc
43%
0.7 Vietnamien
17%
Aucun quiz correspondant
Distribution des résultats
% des personnes avec chaque résultat
Percentile par nombre de réponses
Votre historique - résultats
Vous n’avez pas pris ce quiz